000 00604nam a2200265Ia 4500
005 20260306164229.0
008 008 260114s9999 xx 000 0 eng d
020 _a9780226066226
037 _aEBOOK
040 _aCRL
040 _beng
040 _cCRL
041 _2eng
041 _aeng
084 _qCRL
100 _aBorgmann
_91130252
245 0 _aHolding On To Reality
260 _bUniversity of Chicago Press
260 _c2013
650 _aPhilosophy
856 _uhttps://academic.oup.com/book/22856
942 _cEBOOK
999 _c1713276
_d1713276